00325nam a2200109Ia 4500008004100000082000800041100001700049245003100066942000600097952009700103999001500200240331s9999 xx 000 0 und d bFUA aFuaji, A.A.M 0aMathalai mawadda muslimkal cL 001040708LaWERCLbWERCLcSSCd2024-03-31l0o 305.8 FUAp3319r2024-03-31w2024-03-31yL c2000d2000